000 00570nam a2200229Ia 4500
003 OSt
005 20221006170134.0
006 a|||||r|||| 00| 0
007 ta
008 221006b |||||||| |||| 00| 0 hin d
024 _a3,622
037 _cTextual
040 _aFML
_cFML
_bhin
041 _2hin
_ahin
082 _aO15,2:gx400,1, L1
100 _aMalla Ashok Au.
_9681160
245 0 _aGairola Nrityadhyay
260 _c1963
300 _ap.
_ccm.
942 _hO15,2:gx400,1, L1
_cTEXL
_2CC
999 _c1123128
_d1123128